| 000 | 00663nam a2200217Ia 4500 | ||
|---|---|---|---|
| 003 | OSt | ||
| 005 | 20240613155338.0 | ||
| 008 | 210719s2008 xx 000 0 und d | ||
| 040 | _cAL | ||
| 041 | _aKannada | ||
| 082 | _a305.8954K GOPB | ||
| 100 |
_aGOPALAKRASHNA (B V) _dಗೋಪಾಲಕೃಷ್ಣ (ಬಿ ವಿ) _9170652 |
||
| 245 |
_aBadaganadu brahmanara itihasa _bಬಡಗನಾಡು ಬ್ರಾಹ್ಮಣರ ಇತಿಹಾಸ |
||
| 260 |
_aBengaluru _c2008 |
||
| 300 |
_a159 _bHB |
||
| 365 |
_b80 _cRs |
||
| 650 |
_aSocial Groups _9170653 |
||
| 650 |
_aSociology _9170654 |
||
| 906 | _aBadaganadu ; brahmanara ; itihasa | ||
| 942 |
_2ddc _cBK |
||
| 999 |
_c215151 _d215151 |
||